| 000 | 00621nam a2200193Ia 4500 | ||
|---|---|---|---|
| 003 | GCL | ||
| 008 | 140319s9999 xx 000 0 ara d | ||
| 040 |
_aGCL / _cGCL |
||
| 082 | 0 | 4 |
_a658.31 _bم م |
| 245 | 1 | 0 | _aمهارات قيادة الاخرين: LEADERSHIP SKILLS كيف تكون قائدا مميزا فى عملك |
| 300 | _a179 ص | ||
| 490 |
_aمجموعة مهارات تطوير الاداء _v0 |
||
| 650 | 0 | 4 | _aادارة الاعمال |
| 650 | 0 | 4 | _aادارة الافراد |
| 650 | 0 | 4 | _aالقيادة الادارية |
| 650 | 0 | 4 | _aالقيادة |
| 650 | 0 | 4 | _aالمديرون |
| 942 |
_2ddc _cBK |
||
| 999 |
_c49677 _d49677 |
||